| 000 | 00610nam a2200205Ia 4500 | ||
|---|---|---|---|
| 005 | 20250508162513.0 | ||
| 008 | 008 250505s9999 xx 000 0 eng d | ||
| 020 | _a0-08-031055-9 | ||
| 037 | _aTextual | ||
| 040 |
_aFEDL _beng _cFEDL |
||
| 041 |
_aeng _2eng |
||
| 084 |
_a420, WIL _qFEDL |
||
| 100 |
_aWilliams Ray Ed. _9773307 |
||
| 245 | 0 | _aCommon ground shared interests in ESP and communication studies | |
| 260 |
_aOxford _bPergamon Press _c1984 |
||
| 300 | _axi,179p. | ||
| 700 |
_a Swales John Ed. Kirkman John Ed. _9773308 |
||
| 942 |
_cTEXL _h420, WIL |
||
| 999 |
_c1376961 _d1376961 |
||